Dunk Contest winners - Statistics

General Stats
  • This quiz has been taken 6 times
  • The average score is 20 of 35
Answer Stats
Year Dunk Contest winner % Correct
2020 Derrick Jones Jr
100%
2004 Fred Jones
100%
1988 Michael Jordan
100%
1987 Michael Jordan
100%
1990 Dominique Wilkins
83%
1985 Dominique Wilkins
83%
2008 Dwight Howard
83%
1997 Kobe Bryant
83%
1986 Spud Webb
83%
2000 Vince Carter
83%
2016 Zach LaVine
83%
2015 Zach LaVine
83%
1991 Dee Brown
67%
2017 Glenn Robinson III
67%
2010 Nate Robinson
67%
2009 Nate Robinson
67%
2006 Nate Robinson
67%
1996 Brent Barry
50%
2005 Josh Smith
50%
1984 Larry Nance
50%
2011 Blake Griffin
33%
1992 Cedric Ceballos
33%
2001 Desmond Mason
33%
2018 Donovan Mitchell
33%
2007 Gerald Green
33%
2019 Hamidou Diallo
33%
1994 Isiah Rider
33%
2003 Jason Richardson
33%
2002 Jason Richardson
33%
1989 Kenny Walker
33%
2013 Terrence Ross
33%
1995 Harold Miner
17%
1993 Harold Miner
17%
2012 Jeremy Evans
17%
2014 John Wall
17%
No matching quizzes found
Score Distribution
Percent of People with Each Score
Percentile by Number Answered
Your Score History
You have not taken this quiz